| 000 | 00826nas a2200265 4500 | ||
|---|---|---|---|
| 001 | BR2013006108 | ||
| 003 | BR-BrBNA | ||
| 005 | 20231205122756.0 | ||
| 007 | ta | ||
| 008 | 230509b bl.|||p| |||| 00| 00por d | ||
| 040 |
_aBR-BrBNA _bpor _cBiblioteca Nacional de Agricultura |
||
| 041 | _a(Pt) | ||
| 072 | _aP06; P01 | ||
| 100 | 1 | _aBejan, C.C.C. | |
| 100 | 1 | _aSilva, A.M. da | |
| 245 | 1 | _aProposta de produção de biodiesel em Pernambuco a partir de óleo de fritura | |
| 650 | _aÓLEO | ||
| 650 | _aFRITURA | ||
| 650 | _aBIOCOMBUSTÍVEL | ||
| 650 | _aPRESERVAÇÃO DA NATUREZA | ||
| 650 | _aMEIO AMBIENTE | ||
| 773 | 0 |
_tAnais da Academia Pernambucana de Ciência Agronômica (Brazil) _xISSN 1980-0258 _g(2010), v. 7 p. 272-285 _wBR2013006108 |
|
| 909 |
_a202311 _bLúcia _c55 _dLúcia Elande |
||
| 942 |
_2AGRIS _n0 _cANA |
||
| 999 |
_c230490 _d230490 |
||